| 000 | 00000nam##2200000za#4500 |
| 001 | 9.574712 |
| 003 | CaOODSP |
| 005 | 20210624184321 |
| 007 | cr ||||||||||| |
| 008 | 150406|1997||||xxc|||||o f|0| 0 eng|d |
| 022 | |a1205-9153 |
| 040 | |aCaOODSP|beng |
| 043 | |an-cn--- |
| 086 | 1 |aCS11-0019/104E-PDF |
| 245 | 00|aWorking more? Working less? What do Canadian workers prefer? / |h[electronic resource]|cby Marie Drolet and René Morissette. |
| 260 | |aOttawa - Ontario : |bStatistics Canada |cMay 20, 1997. |
| 300 | |a41p.|bgraphs, tables |
| 490 | 1 |aAnalytical Studies Branch research paper series|x1205-9153|vNo. 104 |
| 500 | |aThe catalogue number (11F0019MPE), ISBN (0-660-16974-6) and ISSN (1200-5223) for the print edition have been incorrectly copied in this electronic publication. |
| 504 | |aBibliography. |
| 590 | |a12-34-Supp|b2012-07-31 |
| 710 | 2 |aStatistics Canada. |
| 720 | 1 |aMorissette, René |
| 720 | 1 |aDrolet, Marie |
| 775 | 08|tTravailler plus? Travailler moins? Que préfèrent les travailleurs canadiens? / |w(CaOODSP)9.604447 |
| 830 | #0|aResearch paper series (Statistics Canada. Analytical Studies Branch)|x1205-9153|vNo. 104|w(CaOODSP)9.504421 |
| 856 | 40|ahttp://publications.gc.ca|qPDF|s169 KB|uhttps://publications.gc.ca/collections/Collection/CS11-0019-104E.pdf|yNo. 104 |